Lieux dans Game of Thrones: Westeros ou Essos - Statistiques

Statistiques générales
  • Ce quiz a été pris 80 fois
  • Le résultat moyen est 26 sur 30
Statistiques - réponses
Hint Réponse % Correct
La Route Royale Westeros
97%
Castral Roc Westeros
95%
Le Bois-du-Roi Westeros
95%
Le Mur Westeros
95%
Les îles de Fer Westeros
95%
Winterfell Westeros
95%
Kayakayanaya Essos
94%
Harrenhal Westeros
94%
Port-Réal Westeros
94%
L’empire Doré de Yi Ti Essos
92%
Hautjardin Westeros
92%
Braavos Essos
91%
Qarth Essos
91%
Volantis Essos
91%
La Baie de la Néra Westeros
91%
Peyredragon Westeros
91%
Pentos Essos
89%
La Porte de la Lune Westeros
89%
La Mer Dothrak Essos
88%
Meereen Essos
88%
L'île aux Ours Westeros
88%
La Mer de Jade Essos
85%
Valyria Essos
85%
Les Milles-îles Essos
83%
Le Désert Rouge Essos
82%
Dorne Westeros
82%
Les Terres Disputées Essos
69%
Les Jardins Aquatiques Westeros
69%
La Baie des Serfs Essos
60%
Les Cinq Forts Essos
35%
Aucun quiz correspondant
Distribution des résultats
% des personnes avec chaque résultat
Percentile par nombre de réponses
Votre historique - résultats
Vous n’avez pas pris ce quiz